[Event "GER North-chT U16"]
[Site "Magdeburg"]
[Date "2006.08.29"]
[Round "7.2"]
[White "Knechtel, Jannick"]
[Black "Baier, Christoph"]
[Result "0-1"]
[WhiteElo "877"]
[BlackElo "1238"]
[PlyCount "94"]
[EventDate "2006.08.26"]
[EventType "team"]
[EventRounds "7"]
[EventCountry "GER"]
[SourceTitle "EXT 2007"]
[Source "ChessBase"]
[SourceDate "2006.11.23"]
[SourceVersion "1"]
[SourceVersionDate "2006.11.23"]
[SourceQuality "1"]

1. e4 e5 2. Nf3 Nc6 3. Bc4 Nf6 4. Ng5 d5 5. exd5 Na5 6. Bb3 Nxb3 7. axb3 Nxd5 8. Ne4 Bf5 9. Ng3 Bg6 10. 0-0 Bd6 11. Nc3 Nxc3 12. bxc3 0-0 13. Ba3 a6 14. Re1 Re8 15. d3 Bxa3 16. Rxa3 Qd6 17. Ra1 Rad8 18. Qf3 c6 19. Rad1 f6 20. Nf5 Bxf5 21. Qxf5 g6 22. Qg4 f5 23. Qh4 e4 24. d4 Kg7 25. h3 Qf6 26. Qxf6+ Kxf6 27. Ra1 Rd5 28. Ra4 Red8 29. Rd1 c5 30. Kf1 R8d6 31. b4 cxd4 32. c4 Re5 33. c5 Rd8 34. c3 d3 35. Ra2 Re6 36. Rad2 Ke7 37. f3 e3 38. Rxd3 e2+ 39. Ke1 exd1Q+ 40. Kxd1 Rxd3+ 41. Kc2 Ree3 42. Kc1 Re2 43. g4 Rxf3 44. Kd1 Rh2 45. Ke1 Rxc3 46. Kd1 Rg3 47. c6 Rg1# 0-1